Statistics for Top 10 Goalscorers in English Premier League 2000-2010

Click here to take the quiz!

General Stats

  • This quiz has been taken 250 times
  • The average score is 26 of 53

Answer Stats

Answer% Correct
Didier Drogba
95%
Thierry Henry
91%
Thierry Henry
91%
Wayne Rooney
90%
Frank Lampard
86%
Cristiano Ronaldo
84%
Alan Shearer
83%
Steven Gerrard
82%
Michael Owen
81%
Ruud Van Nistelrooy
79%
Fernando Torres
74%
Andy Cole
72%
Dimitar Berbatov
65%
Jermain Defoe
65%
Jimmy Floyd Hasselbaink
65%
Nicolas Anelka
65%
Robbie Fowler
65%
Carlos Tevez
64%
Peter Crouch
60%
Teddy Sheringham
58%
Darren Bent
56%
Robert Pires
55%
Robbie Keane
53%
Emmanuel Adebayor
52%
Kevin Phillips
52%
Mark Viduka
50%
Emile Heskey
48%
Louis Saha
46%
Gianfranco Zola
44%
Ole Gunnar Solskjaer
43%
Dirk Kuyt
41%
Andy Johnson
40%
Robinho
40%
Harry Kewell
39%
Gabriel Agbonlahor
38%
Yakubu
37%
Cesc Fabregas
35%
James Beattie
32%
Roque Santa Cruz
30%
Kevin Davies
29%
Eidur Gudjohnsen
26%
Benjani
23%
Marcus Stewart
23%
Kevin Doyle
20%
Benni McCarthy
19%
John Carew
19%
Mikael Forssell
19%
Juan Pablo Ángel
16%
Craig Bellamy
15%
Marian Pahars
13%
Marlon Harewood
9%
Alen Boksic
8%
Henri Camara
6%

Score Distribution

Percentile by Number Answered

Percent of People with Each Score

Your Score History

You have not taken this quiz